000 00339nam a22001457a 4500
008 230201b |||||||| |||| 00| 0 eng d
020 _a0515129976
082 _aFIC 813.54 FRA
100 _aFrancis, Dick.
245 _aTrial Run
260 _aNew York:
_bBerkley;
_c1978.
300 _a260 p :
_c17 cm
650 _aFiction
942 _2ddc
999 _c9263
_d9264